000 00293nam a2200121Ia 4500
008 190216s9999||||xx |||||||||||||| ||und||
100 _aShanthi Narayan
245 2 _aA Course Of Amthematical Analysis
260 _bS Chand & Co
_c1968
300 _a436p
650 _aMathematics
942 _cBK
999 _c30496
_d30496